Metaphysics: An introduction (Record no. 34085)

MARC details
000 -LEADER
fixed length control field 00303nam a2200121Ia 4500
082 ## - DEWEY DECIMAL CLASSIFICATION NUMBER
Classification number 011
Item number BAH
100 ## - MAIN ENTRY--AUTHOR NAME
Personal name BAHM, Archie J
245 #0 - TITLE STATEMENT
Title Metaphysics: An introduction
260 ## - PUBLICATION, DISTRIBUTION, ETC. (IMPRINT)
Place of publication New York
Name of publisher Barnes & Noble
Year of publication 1974
650 ## - SUBJECT ADDED ENTRY--TOPICAL TERM
Topical Term Metaphysics
942 ## - ADDED ENTRY ELEMENTS (KOHA)
Koha item type Books
Holdings
Withdrawn status Lost status Damaged status Not for loan Home library Current library Date acquired Full call number Accession Number Koha item type
        RRII Library RRII Library 16/12/2021 011 BAH 14525 Books